<?xml version="1.0" encoding="UTF-8"?>
<record
    xmlns:xsi="http://www.w3.org/2001/XMLSchema-instance"
    xsi:schemaLocation="http://www.loc.gov/MARC21/slim http://www.loc.gov/standards/marcxml/schema/MARC21slim.xsd"
    xmlns="http://www.loc.gov/MARC21/slim">

  <leader>00666nam a22001937a 4500</leader>
  <controlfield tag="005">20230926110910.0</controlfield>
  <datafield tag="010" ind1=" " ind2=" ">
    <subfield code="a">ENG-119968</subfield>
  </datafield>
  <datafield tag="020" ind1=" " ind2=" ">
    <subfield code="c">995.00</subfield>
    <subfield code="a">9789386535030</subfield>
  </datafield>
  <datafield tag="035" ind1=" " ind2=" ">
    <subfield code="a">EN-103500</subfield>
  </datafield>
  <datafield tag="037" ind1=" " ind2=" ">
    <subfield code="b">DBAD/PUB</subfield>
  </datafield>
  <datafield tag="082" ind1=" " ind2=" ">
    <subfield code="a">382.095105491</subfield>
  </datafield>
  <datafield tag="245" ind1=" " ind2=" ">
    <subfield code="a">China Pakistan corridor:</subfield>
    <subfield code="b">Bane or Boom/</subfield>
    <subfield code="c">Edited by Archana Rathore </subfield>
  </datafield>
  <datafield tag="260" ind1=" " ind2=" ">
    <subfield code="a">New Delhi </subfield>
    <subfield code="b">Jawahar Publishers &amp; Distributors, </subfield>
    <subfield code="c">2017</subfield>
  </datafield>
  <datafield tag="270" ind1=" " ind2=" ">
    <subfield code="a">46, Samachar Apartment, Mayur Vihar-I,</subfield>
    <subfield code="b">New Delhi </subfield>
    <subfield code="e">110091</subfield>
  </datafield>
  <datafield tag="300" ind1=" " ind2=" ">
    <subfield code="a">vii, 280p</subfield>
    <subfield code="c">22cm (pbk)</subfield>
  </datafield>
  <datafield tag="500" ind1=" " ind2=" ">
    <subfield code="a">Include bibliographical references and index </subfield>
  </datafield>
  <datafield tag="700" ind1=" " ind2=" ">
    <subfield code="a">Rathor, Archana </subfield>
    <subfield code="9">57345</subfield>
  </datafield>
  <datafield tag="942" ind1=" " ind2=" ">
    <subfield code="2">ddc</subfield>
    <subfield code="c">EN</subfield>
    <subfield code="h">382.095105491</subfield>
    <subfield code="m">CHI</subfield>
  </datafield>
  <datafield tag="999" ind1=" " ind2=" ">
    <subfield code="c">143632</subfield>
    <subfield code="d">143632</subfield>
  </datafield>
  <datafield tag="952" ind1=" " ind2=" ">
    <subfield code="0">0</subfield>
    <subfield code="1">0</subfield>
    <subfield code="4">0</subfield>
    <subfield code="7">0</subfield>
    <subfield code="8">NFIC</subfield>
    <subfield code="a">DBAD</subfield>
    <subfield code="b">M</subfield>
    <subfield code="d">2017-08-22</subfield>
    <subfield code="e">DBAD/PUB</subfield>
    <subfield code="g">995.00</subfield>
    <subfield code="l">0</subfield>
    <subfield code="o">382.095105491 CHI</subfield>
    <subfield code="p">EN-103500</subfield>
    <subfield code="r">2017-08-22 00:00:00</subfield>
    <subfield code="t">1</subfield>
    <subfield code="v">995.00</subfield>
    <subfield code="w">2017-08-22</subfield>
    <subfield code="y">EN</subfield>
  </datafield>
</record>
